LS Constituencies of Uttar Pradesh - Statistics

General Stats
  • This quiz has been taken 27 times
  • The average score is 32 of 80
Answer Stats
Answer % Correct
Varanasi
93%
Agra
87%
Ghaziabad
87%
Lucknow
87%
Kanpur
80%
Bareilly
73%
Faizabad
73%
Saharanpur
73%
Allahabad
67%
Gorakhpur
67%
Mirzapur
67%
Aligarh
60%
Azamgarh
60%
Gautam Buddha Nagar
60%
Jhansi
60%
Meerut
60%
Moradabad
60%
Muzaffarnagar
60%
Pilibhit
60%
Rae Bareli
60%
Amethi
53%
Mathura
53%
Badaun
47%
Fatehpur
47%
Firozabad
47%
Kannauj
47%
Mainpuri
47%
Rampur
47%
Robertsganj
47%
Unnao
47%
Banda
40%
Barabanki
40%
Bijnor
40%
Bulandshahr
40%
Deoria
40%
Ghazipur
40%
Hathras
40%
Kushi Nagar
40%
Maharajganj
40%
Nagina
40%
Pratapgarh
40%
Sitapur
40%
Sultanpur
40%
Amroha
33%
Ballia
33%
Basti
33%
Bhadohi
33%
Etawah
33%
Farrukhabad
33%
Gonda
33%
Jaunpur
33%
Kairana
33%
Kheri
33%
Sambhal
33%
Ambedkar Nagar
27%
Baghpat
27%
Bahraich
27%
Etah
27%
Hamirpur
27%
Hardoi
27%
Kaushambi
27%
Phulpur
27%
Shahjahanpur
27%
Chandauli
20%
Lalganj
20%
Aonla
13%
Domariyaganj
13%
Jalaun
13%
Kaiserganj
13%
Mohanlalganj
13%
Sant Kabir Nagar
13%
Akbarpur
7%
Fatehpur Sikri
7%
Ghosi
7%
Misrikh
7%
Salempur
7%
Shrawasti
7%
Bansgaon
0%
Dhaurahra
0%
Machhlishahr
0%
No matching quizzes found
Score Distribution
Percent of People with Each Score
Percentile by Number Answered
Your Score History
You have not taken this quiz